Statistics for Chernobyl Quiz

Click here to take the quiz!

General Stats

  • This quiz has been taken 328 times
  • The average score is 8 of 15

Answer Stats

Hint Answer % Correct
The year the disaster took place1986
96%
Country Chernobyl is inUkraine
94%
Reactor that was destroyedNo. 4
81%
The year of the first accident, a partial core meltdown1982
73%
Country that experienced most radioactive contaminationBelarus
70%
City where the plant is locatedPripyat
69%
Year the final reactor was shut down2000
64%
The year the plant was commissioned1977
62%
Date the disaster took place26th April
62%
Year reactor No. 2 caught fire1991
58%
Nickname of the largest corium depositElephant's Foot
30%
Official name of the 30km radius exclusion zone surrounding the plant, "The Zone of __________"Alienation
8%
Boris Baranov
8%
Alexei Ananenko
8%
Three plant workers who sacrificed themselves to prevent a cataclysmic 'steam explosion'Valeri Bezpalov
6%

Score Distribution

Percentile by Number Answered

Percent of People with Each Score

Your Score History

You have not taken this quiz